Countries That End In S - Statistics

General Stats
  • This quiz has been taken 26 times
  • The average score is 14 of 17
Answer Stats
Region Answer % Correct
Caribbean Bahamas
96%
Caribbean Barbados
92%
Asia United Arab Emirates
92%
Caribbean St. Vincent and the Grenadines
88%
Europe Belarus
85%
Central America Honduras
85%
Asia Laos
85%
Asia Maldives
85%
Oceania Marshall Islands
85%
Asia Philippines
85%
Oceania Solomon Islands
85%
Caribbean St. Kitts and Nevis
85%
Africa Comoros
81%
Africa Seychelles
81%
Africa Mauritius
77%
Europe Netherlands
77%
Asia Cyprus
65%
No matching quizzes found
Score Distribution
Percent of People with Each Score
Percentile by Number Answered
Your Score History
You have not taken this quiz